{"text_format":"2","workbook":"xlsx","n_sheets":1,"sheets":["Sheet"],"not_rendered":{"charts":0,"images":0,"macros":0,"external_links":0,"defined_names":1,"comments":0,"pivot_tables":0},"unopened":[],"bounds":{"document_bytes":16777216,"sheet_cells":100000,"run_cost":"one","rows_first":2000,"rows_last":500,"rows_between":2000,"halvings":0,"cell_chars":16384,"cell_head_chars":4096},"cells_cut":0,"cells_raw":0,"read":"whole","date_system":"1900"}

{"sheet":"Sheet","index":0,"n_rows":107,"n_cols":16,"rows_kept":107,"cut":false,"hidden":false,"merged":[]}
["Partener","Punct de lucru","Nr.","Tip","Data","Data scadenta","Agent","Depozit","Cod articol","Denumire","Cantitate","UM","Pret","Valoare","Valoare TVA","Total"]
["ARAGORN LTD","Sediu social","ARG31171","Factura cumparare UE","2023-06-08","2023-06-08","PAKAI ANDREI","","P-8383-05-RR","HARTIE TRANSFER TRANSJET IND 100g (1.62x120m)",24,"ROLL",293.93,7054.39,1340.34,7054.39]
["ATLAS DIGITAL SA","Sediu social","INV0001948","Factura cumparare UE","2023-06-12","2023-06-17","PAKAI ANDREI","","ROEQ-LG640","ROLAND LG-640 8-COLOR UV PRINTER 64\", Incl. Take-Up",1,"Buc",90349.56,90349.56,17166.439999999999,90349.56]
["ATLAS DIGITAL SA","Sediu social","INVDN39747","Factura cumparare UE","2023-06-12","2023-06-17","PAKAI ANDREI","","ROEQ-UG641","ROLAND UG-641 UV PRINTER-CUTTER 64\"",1,"Buc",51912,51912,9863.2800000000007,51912]
["ATLAS DIGITAL SA","Sediu social","INVDN39748","Factura cumparare UE","2023-06-12","2023-06-17","PAKAI ANDREI","","ROINEUV4-BK","ROLAND EUV4 BK",11,"Buc",302.39999999999998,3326.4,632.02,3326.4]
["ATLAS DIGITAL SA","Sediu social","INVDN39748","Factura cumparare UE","2023-06-12","2023-06-17","PAKAI ANDREI","","ROINTE2-7BK","ROLAND TE2 INK BK 750cc",3,"Buc",287.27999999999997,861.84,163.75,861.84]
["ATLAS DIGITAL SA","Sediu social","INVDN39748","Factura cumparare UE","2023-06-12","2023-06-17","PAKAI ANDREI","","6701409010","ROLAND ASSY,HEAD INKJET VS-640",1,"Buc",7333.2,7333.2,1393.31,7333.2]
["ATLAS DIGITAL SA","Sediu social","INVDN39748","Factura cumparare UE","2023-06-12","2023-06-17","PAKAI ANDREI","","6000005213","ROLAND ASSY,HEAD INKJET SOL XC-540 SV2",2,"Buc",2273.04,4546.08,863.76,4546.08]
["ATLAS DIGITAL SA","Sediu social","INVDN39748","Factura cumparare UE","2023-06-12","2023-06-17","PAKAI ANDREI","","6000005180","ROLAND ASSY,HEAD INKJET SV LEF2-300",1,"Buc",2585.52,2585.52,491.25,2585.52]
["ATLAS DIGITAL SA","Sediu social","INVDN39748","Factura cumparare UE","2023-06-12","2023-06-17","PAKAI ANDREI","","ROINTE2-5YE","ROLAND TE2 INK YE 500cc",12,"Buc",206.64,2479.6799999999998,471.14,2479.6799999999998]
["ATLAS DIGITAL SA","Sediu social","INVDN39748","Factura cumparare UE","2023-06-12","2023-06-17","PAKAI ANDREI","","ROINESL3-4BK","ROLAND ESL3-440 BK",3,"Buc",398.16,1194.48,226.95,1194.48]
["ATLAS DIGITAL SA","Sediu social","INVDN39748","Factura cumparare UE","2023-06-12","2023-06-17","PAKAI ANDREI","","ROINTR2-CL2","ROLAND TR2 CLEANING LIQUID_2 500cc",6,"Buc",226.8,1360.8,258.55,1360.8]
["ATLAS DIGITAL SA","Sediu social","INVDN39748","Factura cumparare UE","2023-06-12","2023-06-17","PAKAI ANDREI","","ROINTE2-7YE","ROLAND TE2 INK YE 750cc",5,"Buc",287.27999999999997,1436.4,272.92,1436.4]
["ATLAS DIGITAL SA","Sediu social","INVDN39748","Factura cumparare UE","2023-06-12","2023-06-17","PAKAI ANDREI","","ROINESL4-4CY","ROLAND MAX2 ESL4-440 CY",2,"Buc",398.16,796.32,151.30000000000001,796.32]
["ATLAS DIGITAL SA","Sediu social","INVDN39748","Factura cumparare UE","2023-06-12","2023-06-17","PAKAI ANDREI","","ROINESL3-4MG","ROLAND ESL3-440 MG",2,"Buc",398.16,796.32,151.30000000000001,796.32]
["ATLAS DIGITAL SA","Sediu social","INVDN39748","Factura cumparare UE","2023-06-12","2023-06-17","PAKAI ANDREI","","31299102AS1","ROLAND RIVET SET,NYLON P2655B",1,"Buc",42.59,42.59,8.11,42.59]
["ATLAS DIGITAL SA","Sediu social","INVDN39748","Factura cumparare UE","2023-06-12","2023-06-17","PAKAI ANDREI","","ROINCMR-747","ROLAND UV PRIMER GLASS CMR-747 (1000 ml)",1,"Buc",211.68,211.68,40.22,211.68]
["ATLAS DIGITAL SA","Sediu social","INVDN39748","Factura cumparare UE","2023-06-12","2023-06-17","PAKAI ANDREI","","6000004658","ROLAND ASSY,CAP-TOP SV CG2076",2,"Buc",216.22,432.43,82.15,432.43]
["ATLAS DIGITAL SA","Sediu social","INVDN39748","Factura cumparare UE","2023-06-12","2023-06-17","PAKAI ANDREI","","6700049030","ROLAND ASSY,SCAN MOTOR SJ-1045",1,"Buc",2450.4499999999998,2450.4499999999998,465.6,2450.4499999999998]
["ATLAS DIGITAL SA","Sediu social","INVDN39748","Factura cumparare UE","2023-06-12","2023-06-17","PAKAI ANDREI","","1000017901","ROLAND ADAPTER,JOINT 3L CG2023",9,"Buc",7.21,64.86,12.35,64.86]
["ATLAS DIGITAL SA","Sediu social","INVDN39748","Factura cumparare UE","2023-06-12","2023-06-17","PAKAI ANDREI","","1000012719","ROLAND DAMPER,INK VS-640_1",6,"Buc",278.45999999999998,1670.76,317.47000000000003,1670.76]
["ATLAS DIGITAL SA","Sediu social","INVDN39748","Factura cumparare UE","2023-06-12","2023-06-17","PAKAI ANDREI","","ROINEUV4-YE","ROLAND EUV4 YE",7,"Buc",302.39999999999998,2116.8000000000002,402.19,2116.8000000000002]
["ATLAS DIGITAL SA","Sediu social","INVDN39911","Factura cumparare UE","2023-06-16","2023-06-21","PAKAI ANDREI","","YCC10-6","ROLAND COLLET YCC10-6, DIA 6.0-5.0 FOR NDC10",6,"Buc",418.32,2509.92,476.88,2509.92]
["ATLAS DIGITAL SA","Sediu social","INVDN39911","Factura cumparare UE","2023-06-16","2023-06-21","PAKAI ANDREI","","ROCAZEC-U5022-SET","ROLAND CUTTING BLADE ZEC-U5022 55°/0.25, 2pcs",10,"Buc",167.08,1670.76,317.47000000000003,1670.76]
["ATLAS DIGITAL SA","Sediu social","INVDN39911","Factura cumparare UE","2023-06-16","2023-06-21","PAKAI ANDREI","","ROINESL4-4CY","ROLAND MAX2 ESL4-440 CY",1,"Buc",398.16,398.16,75.650000000000006,398.16]
["ATLAS DIGITAL SA","Sediu social","INVDN39911","Factura cumparare UE","2023-06-16","2023-06-21","PAKAI ANDREI","","ROINESL4-4MG","ROLAND MAX2 ESL4-440 MG",1,"Buc",398.16,398.16,75.650000000000006,398.16]
["ATLAS DIGITAL SA","Sediu social","INVDN39911","Factura cumparare UE","2023-06-16","2023-06-21","PAKAI ANDREI","","ROINCMR-747","ROLAND UV PRIMER GLASS CMR-747 (1000 ml)",1,"Buc",211.68,211.68,40.22,211.68]
["ATLAS DIGITAL SA","Sediu social","INVDN39911","Factura cumparare UE","2023-06-16","2023-06-21","PAKAI ANDREI","","6000002594","ROLAND ASSY,SCAN MOTOR RE-640_01",1,"Buc",1212.1199999999999,1212.1199999999999,230.33,1212.1199999999999]
["ATLAS DIGITAL SA","Sediu social","INVDN39911","Factura cumparare UE","2023-06-16","2023-06-21","PAKAI ANDREI","","ROINESL3-4LC","ROLAND ESL3-440 LC",2,"Buc",398.16,796.32,151.30000000000001,796.32]
["ATLAS DIGITAL SA","Sediu social","INVDN39911","Factura cumparare UE","2023-06-16","2023-06-21","PAKAI ANDREI","","ROCAZEC-U3050-SET","ROLAND CUTTING BLADE ZEC-U3050 32°/0.75, 5pcs",1,"Buc",606.05999999999995,606.05999999999995,115.16,606.05999999999995]
["ATLAS DIGITAL SA","Sediu social","INVDN39980","Factura cumparare UE","2023-06-20","2023-06-25","PAKAI ANDREI","","1000017901","ROLAND ADAPTER,JOINT 3L CG2023",1,"Buc",7.21,7.21,1.36,7.21]
["ATLAS DIGITAL SA","Sediu social","INVDN39980","Factura cumparare UE","2023-06-20","2023-06-25","PAKAI ANDREI","","ROINEUV4-YE","ROLAND EUV4 YE",4,"Buc",302.39999999999998,1209.5999999999999,229.82,1209.5999999999999]
["ATLAS DIGITAL SA","Sediu social","INVDN39980","Factura cumparare UE","2023-06-20","2023-06-25","PAKAI ANDREI","","6701409010","ROLAND ASSY,HEAD INKJET VS-640",2,"Buc",7333.2,14666.4,2786.62,14666.4]
["ATLAS DIGITAL SA","Sediu social","INVDN39980","Factura cumparare UE","2023-06-20","2023-06-25","PAKAI ANDREI","","6000005213","ROLAND ASSY,HEAD INKJET SOL XC-540 SV2",2,"Buc",2273.04,4546.08,863.76,4546.08]
["ATLAS DIGITAL SA","Sediu social","INVDN39980","Factura cumparare UE","2023-06-20","2023-06-25","PAKAI ANDREI","","1000012719","ROLAND DAMPER,INK VS-640_1",10,"Buc",278.45999999999998,2784.6,529.1,2784.6]
["ATLAS DIGITAL SA","Sediu social","INVDN39980","Factura cumparare UE","2023-06-20","2023-06-25","PAKAI ANDREI","","ROINTR2-CL2","ROLAND TR2 CLEANING LIQUID_2 500cc",3,"Buc",226.8,680.4,129.28,680.4]
["ATLAS DIGITAL SA","Sediu social","INVDN39980","Factura cumparare UE","2023-06-20","2023-06-25","PAKAI ANDREI","","6701409200","ROLAND ASSY,CAP-TOP VS-640_01",6,"Buc",229.32,1375.92,261.42,1375.92]
["ATLAS DIGITAL SA","Sediu social","INVDN39980","Factura cumparare UE","2023-06-20","2023-06-25","PAKAI ANDREI","","1000004546","ROLAND ASSY,CAP-TOP 2 XC-540 (UV ink)",10,"Buc",137.59,1375.92,261.42,1375.92]
["ATLAS DIGITAL SA","Sediu social","INVDN39980","Factura cumparare UE","2023-06-20","2023-06-25","PAKAI ANDREI","","1000007753","ROLAND PLATE,CLAMP MEDIA R BN-20",1,"Buc",49.14,49.14,9.32,49.14]
["ATLAS DIGITAL SA","Sediu social","INVDN39980","Factura cumparare UE","2023-06-20","2023-06-25","PAKAI ANDREI","","1000007752","ROLAND PLATE,CLAMP MEDIA L BN-20",1,"Buc",49.14,49.14,9.32,49.14]
["ATLAS DIGITAL SA","Sediu social","INVDN39980","Factura cumparare UE","2023-06-20","2023-06-25","PAKAI ANDREI","","1000007740","ROLAND PAD,MEDIA SPRING BN-20",2,"Buc",2.62,5.24,1.01,5.24]
["ATLAS DIGITAL SA","Sediu social","INVDN39980","Factura cumparare UE","2023-06-20","2023-06-25","PAKAI ANDREI","","ROCAZEC-U5025-SET","ROLAND CUTTING BLADE ZEC-U5025 50°/0.25, 5pcs",2,"Buc",606.05999999999995,1212.1199999999999,230.33,1212.1199999999999]
["ATLAS DIGITAL SA","Sediu social","INVDN39980","Factura cumparare UE","2023-06-20","2023-06-25","PAKAI ANDREI","","1000007751","ROLAND SLIDER,GUIDE FLANGE BN-20",2,"Buc",24.6,49.19,9.32,49.19]
["ATLAS DIGITAL SA","Sediu social","INV0001959","Factura cumparare UE","2023-06-30","2023-07-05","PAKAI ANDREI","","ROINTE2-5YE","ROLAND TE2 INK YE 500cc",20,"Buc",206.64,4132.8,785.23,4132.8]
["ATLAS DIGITAL SA","Sediu social","INV0001959","Factura cumparare UE","2023-06-30","2023-07-05","PAKAI ANDREI","","ROINTE2-7BK","ROLAND TE2 INK BK 750cc",20,"Buc",287.27999999999997,5745.6,1091.6600000000001,5745.6]
["ATLAS DIGITAL SA","Sediu social","INV0001959","Factura cumparare UE","2023-06-30","2023-07-05","PAKAI ANDREI","","ROINEUV4-YE","ROLAND EUV4 YE",25,"Buc",302.39999999999998,7560,1436.4,7560]
["ATLAS DIGITAL SA","Sediu social","INV0001959","Factura cumparare UE","2023-06-30","2023-07-05","PAKAI ANDREI","","ROINEUV4-WH","ROLAND EUV4 WH",75,"Buc",302.39999999999998,22680,4309.2,22680]
["ATLAS DIGITAL SA","Sediu social","INV0001959","Factura cumparare UE","2023-06-30","2023-07-05","PAKAI ANDREI","","ROINEUV4-MG","ROLAND EUV4 MG",50,"Buc",302.39999999999998,15120,2872.8,15120]
["ATLAS DIGITAL SA","Sediu social","INV0001959","Factura cumparare UE","2023-06-30","2023-07-05","PAKAI ANDREI","","ROINEUV4-GL","ROLAND EUV4 GL",25,"Buc",302.39999999999998,7560,1436.4,7560]
["ATLAS DIGITAL SA","Sediu social","INV0001959","Factura cumparare UE","2023-06-30","2023-07-05","PAKAI ANDREI","","ROINEUV4-CY","ROLAND EUV4 CY",25,"Buc",302.39999999999998,7560,1436.4,7560]
["ATLAS DIGITAL SA","Sediu social","INV0001959","Factura cumparare UE","2023-06-30","2023-07-05","PAKAI ANDREI","","ROINEUV4-BK","ROLAND EUV4 BK",25,"Buc",302.39999999999998,7560,1436.4,7560]
["ATLAS DIGITAL SA","Sediu social","INVDN40227","Factura cumparare UE","2023-06-30","2023-07-05","PAKAI ANDREI","","ROINESL3-4BK","ROLAND ESL3-440 BK",3,"Buc",398.16,1194.48,226.95,1194.48]
["ATLAS DIGITAL SA","Sediu social","INVDN40227","Factura cumparare UE","2023-06-30","2023-07-05","PAKAI ANDREI","","ROINEUV4-YE","ROLAND EUV4 YE",4,"Buc",302.39999999999998,1209.5999999999999,229.82,1209.5999999999999]
["ATLAS DIGITAL SA","Sediu social","INVDN40227","Factura cumparare UE","2023-06-30","2023-07-05","PAKAI ANDREI","","1000007753","ROLAND PLATE,CLAMP MEDIA R BN-20",1,"Buc",49.14,49.14,9.32,49.14]
["ATLAS DIGITAL SA","Sediu social","INVDN40227","Factura cumparare UE","2023-06-30","2023-07-05","PAKAI ANDREI","","1000007752","ROLAND PLATE,CLAMP MEDIA L BN-20",1,"Buc",49.14,49.14,9.32,49.14]
["ATLAS DIGITAL SA","Sediu social","INVDN40227","Factura cumparare UE","2023-06-30","2023-07-05","PAKAI ANDREI","","1000007741","ROLAND SHEET,CLAMP MEDIA BN-20",4,"Buc",7.21,28.83,5.49,28.83]
["ATLAS DIGITAL SA","Sediu social","INVDN40227","Factura cumparare UE","2023-06-30","2023-07-05","PAKAI ANDREI","","1000007740","ROLAND PAD,MEDIA SPRING BN-20",2,"Buc",2.62,5.24,1.01,5.24]
["ATLAS DIGITAL SA","Sediu social","INVDN40227","Factura cumparare UE","2023-06-30","2023-07-05","PAKAI ANDREI","","1000000146","ROLAND CABLE-CARD,36P1 3200L BB HIGH-V",4,"Buc",255.53,1022.11,194.19,1022.11]
["ATLAS DIGITAL SA","Sediu social","INVDN40227","Factura cumparare UE","2023-06-30","2023-07-05","PAKAI ANDREI","","ROINESL3-4YE","ROLAND ESL3-440 YE",4,"Buc",398.16,1592.64,302.60000000000002,1592.64]
["ATLAS DIGITAL SA","Sediu social","INVDN40227","Factura cumparare UE","2023-06-30","2023-07-05","PAKAI ANDREI","","ROINESL3-4BK","ROLAND ESL3-440 BK",3,"Buc",398.16,1194.48,226.95,1194.48]
["ATLAS DIGITAL SA","Sediu social","INVDN40227","Factura cumparare UE","2023-06-30","2023-07-05","PAKAI ANDREI","","ROINESL3-4CY","ROLAND ESL3-440 CY",3,"Buc",398.16,1194.48,226.95,1194.48]
["ATLAS DIGITAL SA","Sediu social","INVDN40227","Factura cumparare UE","2023-06-30","2023-07-05","PAKAI ANDREI","","ROINTR2-CL2","ROLAND TR2 CLEANING LIQUID_2 500cc",4,"Buc",226.8,907.2,172.37,907.2]
["ATLAS DIGITAL SA","Sediu social","INVDN40227","Factura cumparare UE","2023-06-30","2023-07-05","PAKAI ANDREI","","ROINESL3-4MG","ROLAND ESL3-440 MG",3,"Buc",398.16,1194.48,226.95,1194.48]
["ATLAS DIGITAL SA","Sediu social","INVDN40227","Factura cumparare UE","2023-06-30","2023-07-05","PAKAI ANDREI","","1000006517","ROLAND WIPER,HEAD VS-640/XR-640",6,"Buc",78.62,471.74,89.61,471.74]
["ATLAS DIGITAL SA","Sediu social","INVDN40227","Factura cumparare UE","2023-06-30","2023-07-05","PAKAI ANDREI","","23475206","ROLAND CABLE-CARD,21P1 330L BB",3,"Buc",20.97,62.9,11.94,62.9]
["ATLAS DIGITAL SA","Sediu social","INVDN40227","Factura cumparare UE","2023-06-30","2023-07-05","PAKAI ANDREI","","1000020059","ROLAND PAD,CLEANER D VG-640TH",3,"Buc",72.069999999999993,216.22,41.08,216.22]
["ATLAS DIGITAL SA","Sediu social","INVDN40227","Factura cumparare UE","2023-06-30","2023-07-05","PAKAI ANDREI","","ROINEUV5-5GL","ROLAND EUV5 INK GL 500cc",1,"Buc",453.6,453.6,86.18,453.6]
["ATLAS DIGITAL SA","Sediu social","INVDN40227","Factura cumparare UE","2023-06-30","2023-07-05","PAKAI ANDREI","","1000008944","ROLAND CABLE-CARD,29P1 390L BB HIGH-V",2,"Buc",104.83,209.66,39.82,209.66]
["ATLAS DIGITAL SA","Sediu social","INVDN40227","Factura cumparare UE","2023-06-30","2023-07-05","PAKAI ANDREI","","6000006292","ROLAND ASSY,PRESS PUMP SUB SV2 CG2125",6,"Buc",271.91000000000003,1631.45,309.95999999999998,1631.45]
["ATLAS DIGITAL SA","Sediu social","INVDN40227","Factura cumparare UE","2023-06-30","2023-07-05","PAKAI ANDREI","","1000022932","ROLAND P-ROLLER,TD16S4(B10) TYPE2-2 (EXT)",6,"Buc",137.59,825.55,156.84,825.55]
["ATLAS DIGITAL SA","Sediu social","INVDN40227","Factura cumparare UE","2023-06-30","2023-07-05","PAKAI ANDREI","","ROINTA-BK","ROLAND TA RESIN INK POUCH BK 700cc",1,"Buc",563.22,563.22,107,563.22]
["ATLAS DIGITAL SA","Sediu social","INVDN40227","Factura cumparare UE","2023-06-30","2023-07-05","PAKAI ANDREI","","ROINTA-CY","ROLAND TA RESIN INK POUCH CY 700cc",1,"Buc",563.22,563.22,107,563.22]
["ATLAS DIGITAL SA","Sediu social","INVDN40227","Factura cumparare UE","2023-06-30","2023-07-05","PAKAI ANDREI","","ROINTA-MG","ROLAND TA RESIN INK POUCH MG 700cc",1,"Buc",563.22,563.22,107,563.22]
["ATLAS DIGITAL SA","Sediu social","INVDN40227","Factura cumparare UE","2023-06-30","2023-07-05","PAKAI ANDREI","","ROINTA-YE","ROLAND TA RESIN INK POUCH YE 700cc",1,"Buc",563.22,563.22,107,563.22]
["ATLAS DIGITAL SA","Sediu social","INVDN40227","Factura cumparare UE","2023-06-30","2023-07-05","PAKAI ANDREI","","ROINTA-OP","ROLAND TA RESIN INK POUCH OPTIMIZER 700cc",1,"Buc",563.22,563.22,107,563.22]
["ATLAS DIGITAL SA","Sediu social","INVDN40227","Factura cumparare UE","2023-06-30","2023-07-05","PAKAI ANDREI","","1000012719","ROLAND DAMPER,INK VS-640_1",4,"Buc",278.45999999999998,1113.8399999999999,211.63,1113.8399999999999]
["ATLAS DIGITAL SA","Sediu social","INVDN40227","Factura cumparare UE","2023-06-30","2023-07-05","PAKAI ANDREI","","6701409200","ROLAND ASSY,CAP-TOP VS-640_01",2,"Buc",229.32,458.64,87.14,458.64]
["ATLAS DIGITAL SA","Sediu social","INVDN40227","Factura cumparare UE","2023-06-30","2023-07-05","PAKAI ANDREI","","23475232","ROLAND CABLE-CARD,21P1 385L BB HIGH-V",5,"Buc",88.45,442.26,84.02,442.26]
["ATLAS DIGITAL SA","Sediu social","INVDN40227","Factura cumparare UE","2023-06-30","2023-07-05","PAKAI ANDREI","","ROCAZEC-U5025-SET","ROLAND CUTTING BLADE ZEC-U5025 50°/0.25, 5pcs",1,"Buc",606.05999999999995,606.05999999999995,115.16,606.05999999999995]
["ATLAS DIGITAL SA","Sediu social","INVDN40227","Factura cumparare UE","2023-06-30","2023-07-05","PAKAI ANDREI","","6701409010","ROLAND ASSY,HEAD INKJET VS-640",1,"Buc",7333.2,7333.2,1393.31,7333.2]
["BROTHER INT INDUSTRIEMASCHINEN GMBH","Sediu social","BR3140177992","Factura cumparare UE","2023-06-01","2023-06-06","PAKAI ANDREI","","BGCX40M07000112","BROTHER GTX INK MAGENTA 700cc",12,"Buc",735.89,8830.67,1677.81,8830.67]
["BROTHER INT INDUSTRIEMASCHINEN GMBH","Sediu social","BR3140177992","Factura cumparare UE","2023-06-01","2023-06-06","PAKAI ANDREI","","BGCX40Y07000112","BROTHER GTX INK YELLOW 700cc",12,"Buc",735.89,8830.67,1677.81,8830.67]
["BROTHER INT INDUSTRIEMASCHINEN GMBH","Sediu social","BR3140177992","Factura cumparare UE","2023-06-01","2023-06-06","PAKAI ANDREI","","BGCX40K07000112","BROTHER GTX INK BLACK 700cc",12,"Buc",735.89,8830.67,1677.81,8830.67]
["BROTHER INT INDUSTRIEMASCHINEN GMBH","Sediu social","BR3140177992","Factura cumparare UE","2023-06-01","2023-06-06","PAKAI ANDREI","","BGCX40C07000112","BROTHER GTX INK CYAN 700cc",12,"Buc",735.89,8830.67,1677.81,8830.67]
["BROTHER INT INDUSTRIEMASCHINEN GMBH","Sediu social","BR3140177992","Factura cumparare UE","2023-06-01","2023-06-06","PAKAI ANDREI","","BGCX40Y002K0152","BROTHER GTX INK 1.8L YELLOW",2,"Buc",1380.74,2761.47,524.67999999999995,2761.47]
["BROTHER INT INDUSTRIEMASCHINEN GMBH","Sediu social","BR3140177992","Factura cumparare UE","2023-06-01","2023-06-06","PAKAI ANDREI","","BGCX40K002K0152","BROTHER GTX INK 1.8L BLACK",2,"Buc",1380.74,2761.47,524.67999999999995,2761.47]
["BROTHER INT INDUSTRIEMASCHINEN GMBH","Sediu social","BR3140177992","Factura cumparare UE","2023-06-01","2023-06-06","PAKAI ANDREI","","BGCX40M002K0152","BROTHER GTX INK 1.8L MAGENTA",2,"Buc",1380.74,2761.47,524.67999999999995,2761.47]
["BROTHER INT INDUSTRIEMASCHINEN GMBH","Sediu social","BR3140177992","Factura cumparare UE","2023-06-01","2023-06-06","PAKAI ANDREI","","BGCX40E005K0042","BROTHER GTX GCX-4E05 CLEANING SOL. 5L",4,"Buc",535.70000000000005,2142.7800000000002,407.13,2142.7800000000002]
["BROTHER INT INDUSTRIEMASCHINEN GMBH","Sediu social","BR3140177992","Factura cumparare UE","2023-06-01","2023-06-06","PAKAI ANDREI","","SB2546001","BROTHER CAP RUBBER (GT3)",10,"Buc",21.13,211.26,40.14,211.26]
["BROTHER INT INDUSTRIEMASCHINEN GMBH","Sediu social","BR3140177992","Factura cumparare UE","2023-06-01","2023-06-06","PAKAI ANDREI","","BGCX40C002K0152","BROTHER GTX INK 1.8L CYAN",1,"Buc",1380.74,1380.74,262.36,1380.74]
["BROTHER INT INDUSTRIEMASCHINEN GMBH","Sediu social","BR3140178240","Factura cumparare UE","2023-06-12","2023-06-17","PAKAI ANDREI","","BGC5000S5K10002","BROTHER GT-3 MAINT. SOL 5L",4,"Buc",431.42,1725.7,327.9,1725.7]
["BROTHER INT INDUSTRIEMASCHINEN GMBH","Sediu social","BR3140178329","Factura cumparare UE","2023-06-12","2023-06-17","PAKAI ANDREI","","BGC3000W3811022","BROTHER GT-3 INK WHITE 380cc (2 pcs)",10,"Buc",1048.32,10483.200000000001,1991.81,10483.200000000001]
["BROTHER INT INDUSTRIEMASCHINEN GMBH","Sediu social","BR3140178329","Factura cumparare UE","2023-06-12","2023-06-17","PAKAI ANDREI","","BGC3000K3810002","BROTHER GT-3 INK BLACK 380cc",6,"Buc",624.46,3746.74,711.9,3746.74]
["BROTHER INT INDUSTRIEMASCHINEN GMBH","Sediu social","BR3140178329","Factura cumparare UE","2023-06-12","2023-06-17","PAKAI ANDREI","","BGC3000M3811002","BROTHER GT-3 INK MAGENTA 380cc",4,"Buc",624.46,2497.8200000000002,474.57,2497.8200000000002]
["BROTHER INT INDUSTRIEMASCHINEN GMBH","Sediu social","BR3140178329","Factura cumparare UE","2023-06-12","2023-06-17","PAKAI ANDREI","","BGC3000Y3810002","BROTHER GT-3 INK YELLOW 380cc",2,"Buc",624.46,1248.9100000000001,237.28,1248.9100000000001]
["BROTHER INT INDUSTRIEMASCHINEN GMBH","Sediu social","BR3140178329","Factura cumparare UE","2023-06-12","2023-06-17","PAKAI ANDREI","","BGC3000C3811002","BROTHER GT-3 INK CYAN 380cc",2,"Buc",624.46,1248.9100000000001,237.28,1248.9100000000001]
["BROTHER INT INDUSTRIEMASCHINEN GMBH","Sediu social","BR3140178590","Factura cumparare UE","2023-06-21","2023-06-26","PAKAI ANDREI","","BGCX40W020K0032","BROTHER GTX INK 18L WHITE (GTX BULK)",1,"Buc",8633.52,8633.52,1640.37,8633.52]
["BROTHER INT INDUSTRIEMASCHINEN GMBH","Sediu social","BR3140178634","Factura cumparare UE","2023-06-22","2023-06-27","PAKAI ANDREI","","BGCX40W07000022","BROTHER GTX INK WHITE 700cc (2 pcs)",30,"Buc",1234.4000000000001,37031.9,7036.04,37031.9]
["BROTHER INT INDUSTRIEMASCHINEN GMBH","Sediu social","BR3140178634","Factura cumparare UE","2023-06-22","2023-06-27","PAKAI ANDREI","","BGC3000Y3810002","BROTHER GT-3 INK YELLOW 380cc",5,"Buc",624.46,3122.28,593.26,3122.28]
["BROTHER INT INDUSTRIEMASCHINEN GMBH","Sediu social","BR3140178634","Factura cumparare UE","2023-06-22","2023-06-27","PAKAI ANDREI","","SB3101101","BROTHER WIPER CLEANER (GT3)",10,"Buc",70.56,705.6,134.06,705.6]
["BROTHER INT INDUSTRIEMASCHINEN GMBH","Sediu social","BR3140178634","Factura cumparare UE","2023-06-22","2023-06-27","PAKAI ANDREI","","SB5678101","BROTHER FILTER FELT KIT (GT3)",4,"Set",96.77,387.07,73.53,387.07]
["BROTHER INT INDUSTRIEMASCHINEN GMBH","Sediu social","BR3140178634","Factura cumparare UE","2023-06-22","2023-06-27","PAKAI ANDREI","","SB7007001","BROTHER FAN FILTER SET (GTX)",10,"Buc",14.11,141.12,26.81,141.12]
["BROTHER INT INDUSTRIEMASCHINEN GMBH","Sediu social","BR3140178634","Factura cumparare UE","2023-06-22","2023-06-27","PAKAI ANDREI","","SC5066001","BROTHER MIST FAN FILTER SET (GTX6)",1,"Buc",702.07,702.07,133.41,702.07]
["BROTHER INT INDUSTRIEMASCHINEN GMBH","Sediu social","BR3140178774","Factura cumparare UE","2023-06-27","2023-07-02","PAKAI ANDREI","","BGCX60W018L0032","BROTHER GCX-6W18L WHITE 18L (GTX6)",1,"Buc",8633.52,8633.52,1640.37,8633.52]
["WALTER SCHULZE GMBH","Sediu social","RE-23031513","Factura cumparare UE","2023-06-15","2023-06-15","PAKAI ANDREI","","SCH-74291","SCH ELECTRONIK ROM 6 PLUS",1,"Buc",676.62,676.62,128.57,676.62]
["WALTER SCHULZE GMBH","Sediu social","RE-23031513","Factura cumparare UE","2023-06-15","2023-06-15","PAKAI ANDREI","","SCH-75125","SCH DTF FILM PREMUIM, 0.4m x 100m ROLL",4,"Buc",455.11,1820.45,345.9,1820.45]
[{"$nulls":13},{"$f":"SUBTOTAL(9,N105:N106)","v":2497.0700000000002},{"$f":"SUBTOTAL(9,O105:O106)","v":474.46999999999997},{"$f":"SUBTOTAL(9,P105:P106)","v":2497.0700000000002}]